000 02161cam a2200505Ia 4500
999 _c1210
_d1210
001 001385393
003 OSt
005 20210624094002.0
008 050503s2006 nyua f b 001 0 eng d
010 _a 2004114217
020 _a0716764008
024 3 _a9780716764007
_c(alk. paper)
029 1 _aNLGGC
_b268530912
035 _a(OCoLC)60135149
040 _aBGU
_cBGU
_dCCS
_dBAKER
_dCOU
_dNLGGC
_dOCLCQ
_dMUQ
_dMYG
049 _aMYGG
050 _aQA276.12
_b.M65 2006
084 _a31.73
_2bcl
096 _aQA 276
_bM66i 2006
100 1 _aMoore, David S.
245 1 0 _aIntroduction to the practice of statistics /
_cDavid S. Moore, George P. McCabe.
250 _a5th ed.
260 _aNew York :
_bW.H. Freeman and Co.,
_cc2006.
300 _a1 v. (various pagings) :
_bill. ;
_c26 cm. +
_e1 CD-ROM (4 3/4 in.)
336 _atext
_btxt
_2rdacontent
337 _aunspecified
_bz
_2rdamedia
338 _aunspecified
_bzu
_2rdacarrier
500 _a"Student CD-ROM"--CD-ROM label.
504 _aIncludes bibliographical references and index.
505 0 _aLooking at data-distributions -- Looking at data-relationships -- Producing data -- Probability: the study of randomness -- Sampling distributions -- Introduction to inference -- Inference for distributions -- Inference for proportions -- Analysis of two-way tables -- Inference for regression -- Multiple regression -- One-way analysis of variance -- Two-way analysis of variance -- Bootstrap methods and permutation tests -- Nonparametric tests -- Logistic regression -- Statistics for quality: control and capability.
650 0 _aMathematical statistics.
700 1 _aMcCabe, George P.
910 _amjy061002
910 _aMARCIVEAUT
910 _amjy061002
910 _adepgy-nooclc210609
942 _2lcc
_cBK
_nJE
946 _munpiggy-tang
949 _p39080022551359
949 _p39080022551342
949 0 _4IP
_ad
_bDEW
_cSTACK
_o0
_p39080022551342
_x01
_hQA276.12.M65 2006
949 0 _4IP
_ad-cdrom
_bDEW
_cRESDK
_kCDROM
_o0
_p39080022551359
_vCDROM
_x01
_hQA276.12.M65 2006